Biodiversidad : ambientes acuáticos
Guardado en:
| Formato: | Libro |
|---|---|
| Publicado: |
Buenos Aires :
Fundación Bosques Nativos argentinos para la biodiversidad,
2012
|
| Materias: | |
| Etiquetas: |
Agregar Etiqueta
Sin Etiquetas, Sea el primero en etiquetar este registro!
|
| LEADER | 00882nam a22002055a 4500 | ||
|---|---|---|---|
| 001 | CEM.cems018336 | ||
| 005 | 20141009231840.0 | ||
| 008 | 130507s2012##################000#0#####d | ||
| 003 | CEMS | ||
| 082 | 0 | 4 | |a FC574.5 |
| 245 | 0 | 0 | |a Biodiversidad : |b ambientes acuáticos |
| 260 | |a Buenos Aires : |b Fundación Bosques Nativos argentinos para la biodiversidad, |c 2012 | ||
| 300 | |a 20 p. | ||
| 500 | |a Ambientes acuáticos : Chaco, Formoza, Corrientes y Misiones | ||
| 505 | 0 | |a El agua en todos sus sentidos -- La biodiversidad asociada a los ambientes acuáticos -- Los ambientes acuáticos del Litoral -- Ecosistemas acuáticos de la Provincia de Formoza | |
| 653 | |a Ambientes acuáticos | ||
| 653 | |a Biodiversidad | ||
| 653 | |a Ecología | ||
| 859 | |a CEMS |b BIB. CEMS - Agricultura |h FC574.5 |i B520 |p A0086.44 |t Ej.2 |v 3 |3 3 | ||
| 859 | |a CEMS |b BIB. CEMS - Agricultura |h FC574.5 |i B520 |p A0087.44 |t Ej.1 |v 3 |3 3 | ||
